LEADER 01124nam0-22002891i-450- 001 990006321300403321 005 19980601 035 $a000632130 035 $aFED01000632130 035 $a(Aleph)000632130FED01 035 $a000632130 100 $a19980601f????----km-y0itay50------ba 105 $a--------00-yy 200 1 $aDisposizioni testamentarie a favore di membri di corporazioni religiose soppresse prima e dopo il concordatato fra la S. Sede e l'Italia$fFrancesco Degni. 210 $aMessina$cIndustrie Grafiche Meridionali$ds.d. 215 $a18 p.$d24 cm 463 $d$1200$aAnnali dell'Istituto di scienze giuridiche economiche politiche e sociali della R. Universita' di Messina. Vol. V Anno 1930-31 676 $a346.054 700 1$aDegni,$bFrancesco$0191632 801 0$aIT$bUNINA$gRICA$2UNIMARC 901 $aBK 912 $a990006321300403321 952 $aBUSTA 3 (9) 3$b20493$fFGBC 959 $aFGBC 996 $aDisposizioni testamentarie a favore di membri di corporazioni religiose soppresse prima e dopo il concordatato fra la S. Sede e l'Italia$9655385 997 $aUNINA DB $aGIU01 LEADER 02290oam 2200517M 450 001 9910715557103321 005 20191121065738.3 035 $a(CKB)5470000002512483 035 $a(OCoLC)1065887379 035 $a(OCoLC)995470000002512483 035 $a(EXLCZ)995470000002512483 100 $a20070221d1831 ua 0 101 0 $aeng 135 $aurcn||||||||| 181 $ctxt$2rdacontent 182 $cc$2rdamedia 183 $acr$2rdacarrier 200 10$aIn Senate of the United States, February 26, 1831. Mr. Benton submitted the following resolutions, which were read, and ordered to be printed, and laid on the table: Resolved, that the powers conferred on Congress by the states to lay and collect duties, and to regulate commerce .. 210 1$a[Washington, D.C.] :$c[publisher not identified],$d1831. 215 $a1 online resource (3 pages) 225 1 $aSenate document / 21st Congress, 2nd session. Senate ;$vno. 66 225 1 $a[United States congressional serial set ] ;$v[serial no. 204] 300 $aTitle from opening lines of text. 300 $aBatch processed record: Metadata reviewed, not verified. Some fields updated by batch processes. 300 $aFDLP item number not assigned. 517 $aIn Senate of the United States, February 26, 1831. Mr. Benton submitted the following resolutions, which were read, and ordered to be printed, and laid on the table 606 $aFederal government 606 $aForeign trade regulation 606 $aDebts, Public 606 $aTariff 608 $aLegislative materials.$2lcgft 615 0$aFederal government. 615 0$aForeign trade regulation. 615 0$aDebts, Public. 615 0$aTariff. 701 $aBenton$b Thomas Hart$f1782-1858$pJacksonian (MO)$01387125 801 0$bWYU 801 1$bWYU 801 2$bOCLCO 801 2$bOCLCQ 801 2$bOCLCO 801 2$bOCLCQ 906 $aBOOK 912 $a9910715557103321 996 $aIn Senate of the United States, February 26, 1831. Mr. Benton submitted the following resolutions, which were read, and ordered to be printed, and laid on the table: Resolved, that the powers conferred on Congress by the states to lay and collect duties, and to regulate commerce .$93499176 997 $aUNINA